Alle Friedensnobelpreis - Träger (1901 - 2023) - Statistiken

Allgemein
  • Dieses Quiz wurde 16 mal gespielt
  • Das Durchschnittsergebnis liegt bei 15 aus 140
Antwortstatistiken
Jahr Nation(en) Name % Korrekt
2009 🇺🇸 Barack Obama
93%
2012 🇪🇺 Europäische Union / EU
73%
1971 🇩🇪 Willy Brandt
60%
1977 - Amnesty International
53%
1990 🇷🇺 Michail Gorbatschow
53%
1952 🇫🇷 Albert Schweitzer
47%
1993 🇿🇦 Nelson Mandela
47%
1926 🇩🇪 Gustav Stresemann
40%
1994 🇵🇸 Jassir Arafat
40%
1979 🇦🇱 🇮🇳 Mutter Teresa / Heilige Teresa von Kalkutta /Anjeze Gonxhe Bojaxhiu
40%
1989 🇨🇳 Tibet Tenzin Gyatso (14. Dalai Lama)
33%
2007 🇺🇸 Albert Gore / Al Gore
27%
1999 - Ärzte ohne Grenzen / Médecins Sans Frontiéres
27%
1935 🇩🇪 Carl von Ossietzky
27%
1993 🇿🇦 Frederik Willem de Klerk
27%
1901 🇨🇭 Henry Dunant
27%
1973 🇺🇸 Henry Kissinger
27%
1964 🇺🇸 Martin Luther King Jr.
27%
1906 🇺🇸 Theodore Roosevelt
27%
1994 🇮🇱 Yitzhak Rabin
27%
1960 🇿🇦 Albert John Luthuli
20%
2022 🇧🇾 Ales Bialiatski
20%
1905 🇦🇹 Bertha von Suttner
20%
1902 🇨🇭 Charles Albert Gobat
20%
1985 🇺🇸 Internationale Ärzte für die Verhütung des Atomkrieges /International Physicians for the Prevention of Nuclear War (IPPNW)
20%
1917 🇨🇭 Internationales Komitee vom "Roten Kreuz"
20%
1944 - Internationales Komitee vom "Roten Kreuz"
20%
1963 - Internationales Komitee vom "Roten Kreuz"
20%
2001 🇬🇭 Kofi Annan
20%
2014 🇵🇰 Malala Yousafzai
20%
1909 🇫🇷 Paul Henri d'Estournelles de Constant
20%
1926 🇫🇷 Aristide Briand
13%
1991 🇲🇲 Aung San Suu Kyi
13%
1925 🇬🇧 Austen Chamberlain
13%
1925 🇺🇸 Charles G. Darwes
13%
1961 🇸🇪 Dag Hammarskjöld
13%
2011 🇱🇷 Ellen Johnson Sirleaf
13%
1929 🇺🇸 Frank Billings Kellogg
13%
1901 🇫🇷 Frédéric Passy
13%
1953 🇺🇸 George C. Marshall
13%
2005 🇦🇹 Internationale Atomenergie - Organisation (IAEO) /International Atomic Energy Agency (IAEA)
13%
2002 🇺🇸 Jimmy Carter
13%
1949 🇬🇧 John Boyd Orr
13%
1998 🇮🇪 🇬🇧 John Hume
13%
1946 🇺🇸 John Raleigh Mott
13%
1965 - Kinderhilfswerk der Vereinten Nationen / UNICEF
13%
1983 🇵🇱 Lech Walesa
13%
1962 🇺🇸 Linus Carl Pauling
13%
1987 Costa Rica Oscar Arias Sanchez
13%
1994 🇮🇱 Shimon Peres
13%
2001 - Vereinte Nationen / UNO
13%
1919 🇺🇸 Woodrow Wilson
13%
2019 🇪🇹 Abiy Ahmed
7%
1980 🇦🇷 Adolfo Pérez Esquivel
7%
1982 🇸🇪 Alva Myrdal
7%
1978 🇪🇬 Anwar Sadat
7%
1984 🇿🇦 Bishop Desmond Tutu
7%
1921 🇳🇴 Christian Lous Lange
7%
1998 🇮🇪 🇬🇧 David Trimble
7%
1946 🇺🇸 Emily Greene Balch
7%
1908 🇩🇰 Fredrik Bajer
7%
1958 🇧🇪 Georges Pire
7%
1913 🇧🇪 Henri La Fontaine
7%
1904 🇧🇪 Institut für internationales Recht /Institut de Droit international
7%
1996 🇹🇱 José Ramos - Horta
7%
2016 🇨🇴 Juan Manuel Santos
7%
1908 🇸🇪 Klas Pontus Arnoldson
7%
1973 🇻🇳 Le Duc Tho
7%
1951 🇫🇷 Léon Jouhaux
7%
1920 🇫🇷 Léon Victor Bourgeois
7%
1957 Kanada Lester Pearson / Mike Pearson
7%
1963 - Liga der Rotkreuz - Gesellschaften
7%
1907 🇫🇷 Louis Renault
7%
1976 🇮🇪 Mairead Corrigan
7%
2005 🇪🇬 Mohamed ElBaradei
7%
2006 🇧🇩 Muhammad Yunus
7%
2013 - Organisation für das Verbot chemischer Waffen / OPCW
7%
1950 🇺🇸 Ralph J. Bunche
7%
1903 🇬🇧 William Randal Cremer
7%
1982 🇲🇽 Alfonso Garcia Robles
0%
1911 🇦🇹 Alfred Hermann Fried
0%
1975 🇷🇺 Andrei Dmitrievich Sakharov
0%
1934 🇬🇧 Arthur Henderson
0%
1909 🇧🇪 Auguste Bernaert
0%
1976 🇮🇪 Betty Williams
0%
1996 🇹🇱 Bischof Carlos Filipe Ximenes Beno
0%
1936 🇦🇷 Carlos de Saavedra Lamas
0%
2022 - Center for Civil Liberties
0%
1945 🇺🇸 Cordell Hull
0%
2018 DR Kongo Denis Mukwege
0%
2021 🇷🇺 Dmitri Muratow
0%
1974 🇯🇵 Eisaku Sato
0%
1902 🇨🇭 Élie Ducommun
0%
1986 🇷🇴 🇺🇸 Elie Wiesel
0%
1912 🇺🇸 Elihu Root
0%
1907 🇮🇹 Ernesto Teodoro Moneta
0%
1927 🇫🇷 Ferdinand Buisson
0%
1922 🇳🇴 Fridtjof Nansen
0%
1988 - Friedenstruppen der Vereinten Nationen / UN - Friedenstruppe/Blauhelmsoldaten
0%
1947 🇬🇧 Friends Service Council
0%
2006 🇧🇩 Grameen Bank
0%
1921 🇸🇪 Hjalmar Branting
0%
1954 - Hoher Flüchtlingskomissar der Vereinten Nationen /Office of UN High Commission for Refugees
0%
1981 - Hoher Flüchtlingskomissar der Vereinten Nationen(UNHRC)
0%
2017 - International Campaign to Abolish Nuclear Weapons (ICAN)
0%
1997 - Internationale Kampagne für das Verbot von Landminen /International Campaign to Ban Landmines (ICBL)
0%
1938 - Internationales Nansen - Büro für Flüchtlinge
0%
1969 - International Labor Organization
0%
1931 🇺🇸 Jane Addams
0%
1997 🇺🇸 Jody Williams
0%
1995 🇵🇱 🇬🇧 Jozef Rotblat
0%
2014 🇮🇳 Kailash Satyarthi
0%
2000 🇰🇷 Kim Dae - jung
0%
2011 🇱🇷 Leymah Gbowee
0%
2010 🇨🇳 Liu Xiaobo
0%
1927 🇩🇪 Ludwig Quidde
0%
2021 🇵🇭 Maria Ressa
0%
2008 🇫🇮 Martti Ahtisaari
0%
2022 🇷🇺 Memorial
0%
1978 🇮🇱 Menachem Begin
0%
2018 🇮🇶 Nadia Murad
0%
2023 🇮🇷 Narges Mohammadi
0%
1930 🇸🇪 Nathan Söderblom
0%
1931 🇺🇸 Nicholas Murray Butler
0%
1970 🇺🇸 Norman E. Borlaug
0%
1959 🇬🇧 Philip Noel - Baker
0%
1995 - Pugwash Conferences on Science & World Affairs
0%
2015 🇹🇳 Quartet du Dialogue national
0%
1968 🇫🇷 René Cassin
0%
1992 🇬🇹 Rigoberta Menchu
0%
1974 🇮🇪 Sean MacBride
0%
2003 🇮🇷 Shirin Ebadi
0%
1933 🇬🇧 Sir Norman Angell
0%
1910 - Ständiges Friedensbüro /Bureau International Permanent de la Paix
0%
2011 🇾🇪 Tawakkol Karman
0%
1911 🇳🇱 Tobias Asser
0%
1937 🇬🇧 Viscount Cecil of Chelwood
0%
2004 🇰🇪 Wangari Muta Maathai
0%
2020 - World Food Programme (WFP)
0%
2007 🇨🇭 Zwischenataatlicher Ausschuss für Klimaänderungen/Weltklimarat
0%
Keine übereinstimmenden Quizze gefunden
Verteilung der Resultate
Anzahl Personen mit jedem Resultat
Perzentil nach korrekt beantworteten Fragen
Ihre Resultats-Entwicklung
Sie haben dieses Quiz noch nicht gespielt